Calaforno 1: L'Ipogeo e il territorio

محفوظ في:

مؤلفون آخرون: Militello, Pietro (المحرر)

التنسيق: كتاب

منشور في: Oxford Archaeopress Publishing Ltd 2024

الوسوم: إضافة وسم

لا توجد وسوم, كن أول من يضع وسما على هذه التسجيلة!

رقم الطلب:

LEADER 00629namaa2200169 4500
001 9781789698138
003 UkOxAP
005 20260405155015.0
020 |a 9781789698145 
776 1 |x 9781789698138 
245 0 0 |a Calaforno 1: L'Ipogeo e il territorio 
100 1 |a Militello, Pietro  |e Editor  |l Italian 
856 4 2 |a http://library.arce.org:8087/Archaeopress/Products/9781789698145 
260 |a Oxford  |b Archaeopress Publishing Ltd  |c 2024 
270 |a Archaeopress Publishing Ltd, Summertown Pavillion, 18 -24 Middle Way, Summertown  |b Oxford  |d United Kingdom  |e OX2 7LG  |k 44-1865-311914  |m info@archaeopress.com 
942 |2 lcc  |c EBOOK 
999 |c 62051  |d 62051